Catálogo - Centro de Recursos para el Aprendizaje y la Investigación

Volver al Sitio - CRAI Biblioteca

Guia concentrada de la integración de Centroamérica / (Registro nro. 113525)

Detalles MARC
000 -CABECERA
campo de control de longitud fija 01303nam a2200253 4500
001 - NÚMERO DE CONTROL
campo de control 113525
003 - IDENTIFICADOR DEL NÚMERO DE CONTROL
campo de control DR-UNIBE
005 - FECHA Y HORA DE LA ÚLTIMA TRANSACCIÓN
campo de control 20250501105037.0
008 - DATOS DE LONGITUD FIJA--INFORMACIÓN GENERAL
campo de control de longitud fija 250501b1999 es ||||| |||| 00| 0 spa d
020 ## - NÚMERO INTERNACIONAL ESTÁNDAR DEL LIBRO
Número Internacional Estándar del Libro 0327019972
040 ## - FUENTE DE LA CATALOGACIÓN
Centro catalogador/agencia de origen BIBLIOTECA UNIBE
Centro/agencia transcriptor BIBLIOTECA UNIBE
Lengua de catalogación spa
Normas de descripción rda
041 ## - CÓDIGO DE LENGUA
Código de lengua del texto/banda sonora o título independiente spa
082 ## - NÚMERO DE LA CLASIFICACIÓN DECIMAL DEWEY
Número de edición 22
Número de clasificación 341.9728 G432g
100 10 - ENTRADA PRINCIPAL--NOMBRE DE PERSONA
Nombre de persona Giammattei Aviles, Jorge Antonio
9 (RLIN) 194789
Término indicativo de función/relación autor
245 10 - MENCIÓN DE TÍTULO
Título Guia concentrada de la integración de Centroamérica /
Mención de responsabilidad, etc. Jorge Antonio Giammattei Avilés
250 ## - MENCIÓN DE EDICIÓN
Mención de edición Primera edición
260 ## - PUBLICACIÓN, DISTRIBUCIÓN, ETC.
Lugar de publicación, distribución, etc. San Salvador :
Nombre del editor, distribuidor, etc. Corte Suprema de Justicia. Sección de Publicaciones,
Fecha de publicación, distribución, etc. 1999
300 ## - DESCRIPCIÓN FÍSICA
Extensión 78 páginas :
Dimensiones 21 x 16 cm
505 ## - NOTA DE CONTENIDO CON FORMATO
Nota de contenido con formato I. Fundamento constitucional |<br/>II. Integración |<br/>III. Naturaleza de la integración |<br/>IV. La comunidad centroamericana y el Sistema de la Integración Centroamericana |<br/>V. Ordenamiento jurídico del SICA |<br/>VI. Organos fundamentales del SICA |<br/>VII. Problemas, deformación y desnaturalización en el proceso e integración |<br/>Recomendaciones |<br/>Cuadros sintéticos |<br/>Bibliografía
650 #7 - PUNTO DE ACCESO ADICIONAL DE MATERIA--TÉRMINO DE MATERIA
Fuente del encabezamiento o término lemb
Término de materia o nombre geográfico como elemento de entrada Derecho de integración
Subdivisión geográfica América Central
9 (RLIN) 194795
650 #7 - PUNTO DE ACCESO ADICIONAL DE MATERIA--TÉRMINO DE MATERIA
Término de materia o nombre geográfico como elemento de entrada Derecho internacional
Subdivisión geográfica América Central
9 (RLIN) 194796
700 10 - PUNTO DE ACCESO ADICIONAL--NOMBRE DE PERSONA
Nombre de persona Pocasangre Posada, Martín R.
9 (RLIN) 194790
Término indicativo de función/relación diseñador
-- productor
942 ## - ELEMENTOS DE PUNTO DE ACCESO ADICIONAL (KOHA)
Fuente del sistema de clasificación o colocación Sistema de Clasificación Decimal Dewey
Tipo de ítem Koha Libro (general)
Existencias
Estado de retiro Estado de pérdida Fuente del sistema de clasificación o colocación No para préstamo Código de colección Localización permanente Fecha de adquisición Total de préstamos Signatura topográfica completa Código de barras Fecha visto por última vez Número de copia Precio válido a partir de Tipo de ítem Koha
  Disponible Sistema de Clasificación Decimal Dewey   General Biblioteca Central UNIBE 01/04/2025   341.9728 G432g 250376 01/05/2025 Ej. 1 01/05/2025 Libro (general)
  Disponible Sistema de Clasificación Decimal Dewey   General Biblioteca Central UNIBE 01/04/2025   341.9728 G432g 250377 01/05/2025 Ej. 2 01/05/2025 Libro (general)